| 000 | 00910nam a22001937a 4500 | ||
|---|---|---|---|
| 005 | 20260123084321.0 | ||
| 008 | 230713b ||||| |||| 00| 0 eng d | ||
| 040 |
_cSSBUL _dSSBUL |
||
| 082 |
_223 _a၈၉၅.၈၁ နတ် ၁၅၉၈၉ (S-SAT) |
||
| 100 |
_aနတ်ရှင်၊ _cဒဂုန်-။ _917823 |
||
| 245 |
_aဆယ်နှစ်ရာသီ စာပန်းချီ / _cဒဂုန်နတ်ရှင်။ |
||
| 260 |
_aရန်ကုန်၊ _bစာပေဗိမာန်၊ _c၁၉၆၇။ |
||
| 300 |
_a၈၂ စာမျက်နှာ၊ _c၁၈ စင်တီ။ |
||
| 440 |
_aစာပေဗိမာန်ပြည်သူ့လက်စွဲစာစဉ်။ _927890 |
||
| 500 | _aS-SAT: Dr. Prof Sai Aung Tun | ||
| 650 |
_aမြန်မာကဗျာ။ _912061 |
||
| 650 |
_aမြန်မာစာပေ _vကဗျာ။ _927891 |
||
| 942 |
_2ddc _cBK1 |
||
| 999 |
_c27132 _d27132 |
||